East Africa and the horn : (Record no. 5404)

MARC details
000 -LEADER
fixed length control field 00772nam a22002177a 4500
003 - CONTROL NUMBER IDENTIFIER
control field OSt
005 - DATE AND TIME OF LATEST TRANSACTION
control field 20251103053644.0
008 - FIXED-LENGTH DATA ELEMENTS--GENERAL INFORMATION
fixed length control field 251103b |||||||| |||| 00| 0 eng d
020 ## - INTERNATIONAL STANDARD BOOK NUMBER
International Standard Book Number 1-58826-379-7.
040 ## - CATALOGING SOURCE
Original cataloging agency DWCL-Main lib
Transcribing agency OC
082 ## - DEWEY DECIMAL CLASSIFICATION NUMBER
Classification number Circ. 320.9 E13 2006
100 ## - MAIN ENTRY--PERSONAL NAME
Personal name Bekoe, Dorina A.
245 ## - TITLE STATEMENT
Title East Africa and the horn :
Remainder of title confronting challenges to good governance
Statement of responsibility, etc. Bekoe, Dorina A.
260 ## - PUBLICATION, DISTRIBUTION, ETC.
Place of publication, distribution, etc. Colo. :
Name of publisher, distributor, etc. Lynne reinner Pub., Inc.,
Date of publication, distribution, etc. c2006.
300 ## - PHYSICAL DESCRIPTION
Extent 164 pages ;
Dimensions 23 cm.
504 ## - BIBLIOGRAPHY, ETC. NOTE
Bibliography, etc. note Includes bibliographical references and index.
650 ## - SUBJECT ADDED ENTRY--TOPICAL TERM
Source of heading or term 1. Conflict management-East Africa.
650 ## - SUBJECT ADDED ENTRY--TOPICAL TERM
Source of heading or term 2. Democratization-East Africa.
650 ## - SUBJECT ADDED ENTRY--TOPICAL TERM
Source of heading or term 3. East Africa-Politics and government.
942 ## - ADDED ENTRY ELEMENTS (KOHA)
Source of classification or shelving scheme Dewey Decimal Classification
Koha item type Book Circulation
Edition An international Academy
Call number prefix Circ.
Suppress in OPAC No
952 ## - LOCATION AND ITEM INFORMATION (KOHA)
--
Holdings
Withdrawn status Lost status Source of classification or shelving scheme Damaged status Not for loan Home library Current library Shelving location Date acquired Source of acquisition Cost, normal purchase price Total Checkouts Full call number Barcode Date last seen Copy number Price effective from Koha item type Uniform Resource Identifier
    Dewey Decimal Classification     College Library College Library Circulation 09/26/2008 Donation 0.00   Circ. 320.9 E13 2006 46221 11/03/2025 c1 11/03/2025 BK-CIRC